[Event "COL-ch sf (Women)"]
[Site "Santa Rosa"]
[Date "2011.06.26"]
[Round "8"]
[White "Fiesco, Ivon Gigiola"]
[Black "Santos Morales, Natalia Andrea"]
[Result "0-1"]
[WhiteElo "1911"]
[BlackElo "2027"]
[PlyCount "66"]
[EventDate "2011.06.23"]
[EventType "swiss"]
[EventRounds "9"]
[EventCountry "COL"]
[SourceTitle "CBM 143 Extra"]
[Source "ChessBase"]
[SourceDate "2011.08.29"]
[SourceVersion "1"]
[SourceVersionDate "2011.08.29"]
[SourceQuality "1"]

1. d4 Nf6 2. c4 g6 3. Nc3 Bg7 4. e4 d6 5. f3 0-0 6. Be3 Nfd7 7. Bd3 e5 8. d5 a5 9. Qd2 Na6 10. a3 Nac5 11. Bc2 f5 12. exf5 gxf5 13. 0-0-0 Qh4 14. Qe2 Bh6 15. Bxh6 Qxh6+ 16. Kb1 Nb6 17. g3 Bd7 18. h4 Ba4 19. Bxa4 Nbxa4 20. Nxa4 Nxa4 21. Nh3 Ra6 22. Qd2 Qg6 23. Qg5 Qxg5 24. Nxg5 Rb6 25. Rd2 Nc5 26. Ne6 Nxe6 27. dxe6 Re8 28. g4 fxg4 29. fxg4 Rxe6 30. Rf2 Rb3 31. g5 Re7 32. Kc2 Rg3 33. Rhh2 Rf7 0-1

[Event "COL-ch sf (Women)"]
[Site "Santa Rosa"]
[Date "2011.06.24"]
[Round "4"]
[White "Fiesco, Ivon Gigiola"]
[Black "Bolanos Calvache, Brigeth Vanessa"]
[Result "0-1"]
[WhiteElo "1911"]
[BlackElo "1733"]
[PlyCount "64"]
[EventDate "2011.06.23"]
[EventType "swiss"]
[EventRounds "9"]
[EventCountry "COL"]
[SourceTitle "CBM 143 Extra"]
[Source "ChessBase"]
[SourceDate "2011.08.29"]
[SourceVersion "1"]
[SourceVersionDate "2011.08.29"]
[SourceQuality "1"]

1. d4 Nf6 2. c4 e6 3. Nc3 Bb4 4. Bd2 b6 5. e3 Bb7 6. Nf3 0-0 7. Bd3 c5 8. dxc5 Bxc5 9. Qc2 Nc6 10. a3 Re8 11. Ne4 Nxe4 12. Bxe4 g6 13. Bc3 d5 14. Rd1 Ne7 15. cxd5 Nxd5 16. Bxd5 exd5 17. 0-0 Rc8 18. b4 Bd6 19. Qb2 Bf8 20. Rfe1 Qc7 21. Rc1 Re4 22. Bd4 Qd7 23. Ne5 Qf5 24. f3 Rh4 25. Ng4 Bd6 26. Qf2 Rxg4 27. fxg4 Bxh2+ 28. Kxh2 Qxf2 29. Rxc8+ Bxc8 30. Rb1 Qh4+ 31. Kg1 Qxg4 32. Rc1 Qe6 0-1

[Event "COL-ch sf (Women)"]
[Site "Santa Rosa"]
[Date "2011.06.24"]
[Round "3"]
[White "Garzon, Laura Viviana"]
[Black "Fiesco, Ivon Gigiola"]
[Result "1/2-1/2"]
[WhiteElo "1654"]
[BlackElo "1911"]
[PlyCount "66"]
[EventDate "2011.06.23"]
[EventType "swiss"]
[EventRounds "9"]
[EventCountry "COL"]
[SourceTitle "CBM 143 Extra"]
[Source "ChessBase"]
[SourceDate "2011.08.29"]
[SourceVersion "1"]
[SourceVersionDate "2011.08.29"]
[SourceQuality "1"]

1. e4 c6 2. f4 d5 3. e5 g6 4. Nf3 h5 5. g3 Nh6 6. Bg2 Bg7 7. 0-0 Nf5 8. b3 b6 9. Bb2 Bb7 10. Nc3 Na6 11. Ng5 e6 12. Rc1 Qd7 13. Ne2 c5 14. c4 d4 15. a3 Bxg2 16. Kxg2 h4 17. Ng1 hxg3 18. hxg3 0-0-0 19. Qf3 Kc7 20. Ne2 f6 21. exf6 Bxf6 22. Ne4 Qg7 23. Nxf6 Qxf6 24. Rce1 Nb8 25. Nc1 Nc6 26. Nd3 a5 27. Qg4 Rdg8 28. Rh1 Kd6 29. Rxh8 Rxh8 30. Rh1 Rxh1 31. Kxh1 Kd7 32. Kg2 Qg7 33. Qg5 Kc8 1/2-1/2

[Event "COL-ch sf (Women)"]
[Site "Santa Rosa"]
[Date "2011.06.23"]
[Round "2"]
[White "Fiesco, Ivon Gigiola"]
[Black "Franco Valencia, Angela Maria"]
[Result "0-1"]
[WhiteElo "1911"]
[BlackElo "2134"]
[PlyCount "90"]
[EventDate "2011.06.23"]
[EventType "swiss"]
[EventRounds "9"]
[EventCountry "COL"]
[SourceTitle "CBM 143 Extra"]
[Source "ChessBase"]
[SourceDate "2011.08.29"]
[SourceVersion "1"]
[SourceVersionDate "2011.08.29"]
[SourceQuality "1"]

1. Nf3 f5 2. g3 Nf6 3. Bg2 e6 4. b3 Be7 5. Bb2 0-0 6. d3 d6 7. Nc3 e5 8. e4 Nc6 9. Nd5 Nxd5 10. exd5 Nb4 11. Nd2 Qe8 12. a3 Na6 13. c4 Nc5 14. Qc2 a5 15. f3 Bg5 16. b4 Na6 17. Qb3 Bd7 18. Bc3 Be3 19. Ke2 Bd4 20. Rae1 Qg6 21. Bxd4 exd4 22. Kf2 Rae8 23. f4 Rxe1 24. Rxe1 Re8 25. Rf1 Re3 26. Nf3 Qf6 27. Rd1 axb4 28. axb4 c5 29. bxc5 Nxc5 30. Qa3 h6 31. Bf1 Be8 32. Be2 Bh5 33. Ng1 Be8 34. Nf3 b5 35. Qa1 Nb3 36. Qb2 bxc4 37. dxc4 d3 38. Qxb3 Rxe2+ 39. Kf1 Bh5 40. Rxd3 Bxf3 41. Rxf3 Rxh2 42. Qc3 Qg6 43. Rf2 Rh1+ 44. Ke2 Qe8+ 45. Kf3 Qe4# 0-1

[Event "Bucaramanga Juegos Uni (Women)"]
[Site "Bucaramanga"]
[Date "2010.10.23"]
[Round "3.1"]
[White "Fiesco, Ivon Gigiola"]
[Black "Salazar, Monica Maria"]
[Result "1/2-1/2"]
[WhiteElo "1926"]
[BlackElo "1883"]
[PlyCount "52"]
[EventDate "2010.10.22"]
[EventType "swiss"]
[EventRounds "7"]
[EventCountry "COL"]
[SourceTitle "EXT 2024"]
[Source "ChessBase"]
[SourceDate "2023.10.10"]
[SourceVersion "1"]
[SourceVersionDate "2023.10.10"]
[SourceQuality "1"]

1. d4 d6 2. c4 g6 3. Nc3 Bg7 4. e4 Nf6 5. f3 0-0 6. Be3 e5 7. dxe5 dxe5 8. Qxd8 Rxd8 9. Nd5 Nxd5 10. cxd5 c6 11. Bc4 b6 12. Ne2 c5 13. Nc3 a6 14. a4 Nd7 15. Ke2 Rb8 16. Rhb1 f5 17. b4 cxb4 18. Rxb4 Bf8 19. Rb2 Bc5 20. Rab1 Bd4 21. Bxd4 exd4 22. Nd1 fxe4 23. fxe4 Ne5 24. Bd3 Rd6 25. Nf2 Rf6 26. Bc2 a5 1/2-1/2

[Event "Pan American-ch Schools U17 Girls"]
[Site "Columbia"]
[Date "2009.10.07"]
[Round "2"]
[White "Trujillo Urriago, Karen Jo"]
[Black "Fiesco, Ivon Gigiola"]
[Result "0-1"]
[WhiteElo "1567"]
[BlackElo "1930"]
[PlyCount "39"]
[EventDate "2009.10.07"]
[EventType "rapid"]
[EventRounds "7"]
[EventCountry "COL"]
[SourceTitle "CBM 132 Extra"]
[Source "ChessBase"]
[SourceDate "2009.11.03"]
[SourceVersion "1"]
[SourceVersionDate "2009.11.03"]
[SourceQuality "1"]

1. e4 c6 2. d4 d5 3. Nd2 dxe4 4. Nxe4 Bf5 5. Ng3 Bg6 6. c3 e6 7. Nf3 Nd7 8. Bd3 Qc7 9. 0-0 Ngf6 10. Re1 Be7 11. Ne5 Nxe5 12. dxe5 Nd5 13. c4 Nb6 14. b3 Rd8 15. Re3 Qd7 16. Nh5 Bxd3 17. Nxg7+ Kf8 18. Qg4 Bg6 19. Nxe6+ Qxe6 20. Qe2 0-1

[Event "COL-ch U16 Girls"]
[Site "Cali"]
[Date "2009.05.22"]
[Round "3"]
[White "Fiesco, Ivon Gigiola"]
[Black "Zamora, Isabela"]
[Result "1-0"]
[WhiteElo "1971"]
[BlackElo "1891"]
[PlyCount "127"]
[EventDate "2009.05.21"]
[EventType "swiss"]
[EventRounds "7"]
[EventCountry "COL"]
[SourceTitle "EXT 2011"]
[Source "ChessBase"]
[SourceDate "2010.11.26"]
[SourceVersion "1"]
[SourceVersionDate "2010.11.26"]
[SourceQuality "1"]

1. Nf3 d5 2. d4 f5 3. Bf4 e6 4. e3 Nf6 5. Ne5 Nbd7 6. Be2 Bd6 7. Nd2 Bxe5 8. dxe5 Ne4 9. h4 Qe7 10. c3 Nb6 11. Nb3 h6 12. Bh5+ Kd8 13. Be2 Bd7 14. Nd4 c6 15. a4 c5 16. Nf3 a5 17. Qb3 Kc7 18. Nd2 Qe8 19. Bd1 g5 20. Nxe4 fxe4 21. Bg3 gxh4 22. Rxh4 Qg6 23. Qc2 Raf8 24. b4 axb4 25. cxb4 Nc4 26. Be2 cxb4 27. Bxc4 dxc4 28. Qxc4+ Bc6 29. Qxb4 Rd8 30. Rc1 Rd5 31. Qxe4 Qxe4 32. Rxe4 Kb6 33. Rb4+ Ka6 34. Bf4 Ra5 35. Rd1 Bxa4 36. Rd6+ Bc6 37. Rxe6 Ra1+ 38. Kd2 Rd8+ 39. Rd6 Rxd6+ 40. exd6 Ra2+ 41. Kc3 Rxf2 42. g3 Rh2 43. Rd4 Bd7 44. Rc4 Rh1 45. Kd4 Rd1+ 46. Ke5 Bc6 47. Rd4 Rxd4 48. Kxd4 h5 49. Ke5 Kb6 50. Kf6 Kc5 51. Ke6 b5 52. Be5 Kc4 53. d7 Bxd7+ 54. Kxd7 Kd3 55. Bd4 Ke4 56. Kc6 b4 57. Kc5 b3 58. Kc4 b2 59. Bxb2 Kxe3 60. Bf6 Kf3 61. Bh4 Kg4 62. Kd4 Kf5 63. Kd5 Kg4 64. Ke5 1-0

[Event "COL-ch U20 Girls"]
[Site "Bogota"]
[Date "2009.04.03"]
[Round "6.6"]
[White "Garcia, Linda Alexandra"]
[Black "Fiesco, Ivon Gigiola"]
[Result "0-1"]
[WhiteElo "1556"]
[BlackElo "1971"]
[PlyCount "26"]
[EventDate "2009.04.03"]
[EventType "swiss"]
[EventRounds "7"]
[EventCountry "COL"]
[SourceTitle "EXT 2024"]
[Source "ChessBase"]
[SourceDate "2023.10.10"]
[SourceVersion "1"]
[SourceVersionDate "2023.10.10"]
[SourceQuality "1"]

1. e4 c6 2. d4 d5 3. Nc3 dxe4 4. Nxe4 Bf5 5. Ng3 Bg6 6. Nf3 Nd7 7. Bc4 e6 8. Bf4 Ngf6 9. 0-0 Nb6 10. Bb3 Be7 11. c4 0-0 12. Re1 c5 13. Rc1 Rc8 0-1

[Event "Armenia Nal Colegial B (Women)"]
[Site "Armenia"]
[Date "2008.10.01"]
[Round "4.2"]
[White "Baquero, Yuri Paola"]
[Black "Fiesco, Ivon Gigiola"]
[Result "1/2-1/2"]
[WhiteElo "1667"]
[BlackElo "1979"]
[PlyCount "53"]
[EventDate "2008.10.01"]
[EventType "swiss"]
[EventRounds "5"]
[EventCountry "COL"]
[SourceTitle "EXT 2024"]
[Source "ChessBase"]
[SourceDate "2023.10.10"]
[SourceVersion "1"]
[SourceVersionDate "2023.10.10"]
[SourceQuality "1"]

1. e4 c6 2. Nf3 d5 3. exd5 cxd5 4. d3 Nc6 5. g3 Bg4 6. Bg2 e6 7. 0-0 Bd6 8. c3 Nf6 9. Bg5 h6 10. Be3 Rc8 11. Re1 a6 12. Nbd2 0-0 13. Nf1 Ne7 14. Qd2 Nf5 15. h4 Nxe3 16. Nxe3 Bxf3 17. Bxf3 Qc7 18. Bg2 Rce8 19. Rac1 Qb6 20. Qc2 Rc8 21. Qb3 Qxb3 22. axb3 Rc7 23. Re2 Rfc8 24. Rec2 b6 25. Kh2 Kh7 26. Bh3 a5 27. Bg2 1/2-1/2

[Event "Pan American-ch U16 Girls 22th"]
[Site "Villa Carlos Paz"]
[Date "2008.07.01"]
[Round "2"]
[White "Fiesco, Ivon Gigiola"]
[Black "Benedetti, Antonella"]
[Result "1-0"]
[WhiteElo "1979"]
[BlackElo "1816"]
[PlyCount "115"]
[EventDate "2008.06.30"]
[EventType "swiss"]
[EventRounds "9"]
[EventCountry "ARG"]
[SourceTitle "EXT 2022"]
[Source "ChessBase"]
[SourceDate "2021.10.06"]
[SourceVersion "1"]
[SourceVersionDate "2021.10.06"]
[SourceQuality "1"]

1. d4 Nf6 2. c4 g6 3. Nc3 Bg7 4. e4 d6 5. f4 e5 6. fxe5 dxe5 7. d5 Nbd7 8. Be3 0-0 9. Bd3 Qe7 10. Nf3 Ng4 11. Qd2 Nxe3 12. Qxe3 Nc5 13. Bc2 f5 14. a3 a5 15. 0-0 f4 16. Qd2 Nd7 17. Na4 Nf6 18. h3 Nh5 19. Rad1 Ra6 20. c5 Re8 21. Bb3 Kh8 22. Bc4 Rf6 23. Qxa5 Ng3 24. Qe1 Bd7 25. c6 bxc6 26. Qb4 Qxb4 27. axb4 cxd5 28. Rxd5 Rd6 29. Nc5 Bc6 30. Rxd6 cxd6 31. Ra1 Rb8 32. Ng5 Ra8 33. Rxa8+ Bxa8 34. Nf7+ Kg8 35. Nxd6+ Kf8 36. Ne6+ Ke7 37. Nc8+ Kf6 38. Nxg7 Kxg7 39. Bd5 Bxd5 40. exd5 Ne2+ 41. Kf2 Nd4 42. Na7 e4 43. b5 e3+ 44. Kf1 Nf5 45. b6 Nd6 46. Nc6 Nb7 47. d6 Nxd6 48. Na5 Kf6 49. b7 Nxb7 50. Nxb7 Ke5 51. Ke2 h5 52. Nc5 g5 53. b4 g4 54. h4 Kd4 55. Ne6+ Ke4 56. Ng5+ Kd4 57. b5 Kc5 58. Ne6+ 1-0